000
00309nam a2200109Ia 4500
008
171204s9999 xx 000 0 und d
245
_a
Moral Equality, Bioethics, and the Child:
245
_c
Claudia Wiesemann
260
_c
2016
650
_x
Bioethics
856
_u
http://down.ebook777.com/055/3319324004.pdf
999
_c
346364
_d
346364